000 00889pab a2200169 454500
008 180718b2003 xxu||||| |||| 00| 0 eng d
100 _aHarms, John B.
245 _aThe new economy: what's new, what's not
260 _c2003
300 _ap.413-36.
362 _aFall
520 _aIn this article, the authors evaluate the new economy according to its own claims of growing prosperity and rising standards of living. Using statistics and indicators from the recent economic expansion, they demonstrate that many of the claims about the New Economy's increasing prosperity were highly suspect and remain so today. They conclude that the New Economy discourse is an ideological expression of an explicit political agenda favoring corporate interests. - Reproduced.
650 _aEconomics
700 _aKnapp, Tim
773 _aReview of Radical Political Economics
909 _a59276
999 _c59276
_d59276